Catálogo - Centro de Recursos para el Aprendizaje y la Investigación

Volver al Sitio - CRAI Biblioteca

Nosotros que luchamos con Dios : (Registro nro. 114235)

Detalles MARC
000 -CABECERA
campo de control de longitud fija 02504cam a22002895i 4500
001 - NÚMERO DE CONTROL
campo de control 114234
003 - IDENTIFICADOR DEL NÚMERO DE CONTROL
campo de control DR-UNIBE
005 - FECHA Y HORA DE LA ÚLTIMA TRANSACCIÓN
campo de control 20251126094707.0
008 - DATOS DE LONGITUD FIJA--INFORMACIÓN GENERAL
campo de control de longitud fija 251126t2025 mx a b 001 0 spa d
020 ## - NÚMERO INTERNACIONAL ESTÁNDAR DEL LIBRO
Número Internacional Estándar del Libro 9786073928304
040 ## - FUENTE DE LA CATALOGACIÓN
Centro catalogador/agencia de origen BIBLIOTECA UNIBE
Centro/agencia transcriptor BIBLIOTECA UNIBE
Normas de descripción rda
041 ## - CÓDIGO DE LENGUA
Código de lengua del texto/banda sonora o título independiente spa
Código de lengua original eng
082 04 - NÚMERO DE LA CLASIFICACIÓN DECIMAL DEWEY
Número de clasificación 220.6 P485n
Número de edición 23
100 1# - ENTRADA PRINCIPAL--NOMBRE DE PERSONA
Nombre de persona Peterson, Jordan B.,
Término indicativo de función/relación autor
9 (RLIN) 200696
245 10 - MENCIÓN DE TÍTULO
Título Nosotros que luchamos con Dios :
Resto del título una nueva perspectiva sobre la mayor historia jamás contada /
Mención de responsabilidad, etc. Jordan B. Peterson
264 #1 - PRODUCCIÓN, PUBLICACIÓN, DISTRIBUCIÓN, FABRICACIÓN Y COPYRIGHT
Producción, publicación, distribución, fabricación y copyright México :
Nombre del de productor, editor, distribuidor, fabricante Editorial Planeta,
Fecha de producción, publicación, distribución, fabricación o copyright 2025
300 ## - DESCRIPCIÓN FÍSICA
Extensión 670 páginas :
Otras características físicas ilustraciones
490 ## - MENCIÓN DE SERIE
Mención de serie Vivir mejor. Prácticos
505 ## - NOTA DE CONTENIDO CON FORMATO
Nota de contenido con formato 1. En el principio |<br/>2. Adán, Eva, orgullo, autoconsciencia y caída |<br/>3. Caín, Abel y el sacrificio |<br/>4. Noé: Dios como la llamada a prepararse |<br/>5. La torre de Babel: Dios frente a la tiranía y el orgullo |<br/>6. Abraham: Dios como vigorosa llamada a la aventura |<br/>7. Moisés I: Dios como el temible espíritu de la libertad |<br/>8. Moisés II: hedonismo y tentación infantil |<br/>9. Jonás y el abismo eterno |<br/>Conclusión |<br/>
520 #3 - SUMARIO, ETC.
Sumario, etc. "Nosotros que luchamos con Dios nos guía a través de las historias fundacionales del mundo occidental. El Dr. Peterson analiza en fascinante detalle las historias bíblicas de rebelión, sacrificio, sufrimiento y triunfo que nos anclan, nos inspiran y nos unen cultural y psicológicamente. Desde Adán y Eva y la caída eterna de la humanidad, el resentimiento y la guerra fratricida de Caín y Abel, el cataclismo universal del diluvio de Noé, el espectacular colapso de Babel, y hasta la epopeya de Moisés y los israelitas, Peterson revisa los relatos que nos han formado y analiza su significado, sin miedo a cuestionar cómo esas historias afectan nuestra existencia hasta el día de hoy. Es hora de tomar conciencia, científica y espiritualmente, de la estructura de nuestras almas y nuestras sociedades, y de mirarnos a nosotros mismos y a los demás como si fuera la primera vez. Este libro te ayudará a establecer los propósitos, metas y hábitos con los que guiarás tu vida a través de una exploración profunda de la esencia de nuestro ser. Atrévete a conocer la mayor historia jamás contada."
650 #7 - PUNTO DE ACCESO ADICIONAL DE MATERIA--TÉRMINO DE MATERIA
Término de materia o nombre geográfico como elemento de entrada Biblia
Fuente del encabezamiento o término lemb
Subdivisión general Historia
9 (RLIN) 201023
650 #7 - PUNTO DE ACCESO ADICIONAL DE MATERIA--TÉRMINO DE MATERIA
Término de materia o nombre geográfico como elemento de entrada Biblia
Fuente del encabezamiento o término lemb
Subdivisión general Crítica e interpretación
9 (RLIN) 201024
653 00 - TÉRMINO DE INDIZACIÓN--NO CONTROLADO
Término no controlado Conducta de vida
653 00 - TÉRMINO DE INDIZACIÓN--NO CONTROLADO
Término no controlado Dios (Cristianismo)
700 ## - PUNTO DE ACCESO ADICIONAL--NOMBRE DE PERSONA
Nombre de persona Sirvent Almenar, Judit
Término indicativo de función/relación traductor
9 (RLIN) 201020
942 ## - ELEMENTOS DE PUNTO DE ACCESO ADICIONAL (KOHA)
Fuente del sistema de clasificación o colocación Sistema de Clasificación Decimal Dewey
Tipo de ítem Koha Libro (general)
Existencias
Estado de retiro Estado de pérdida Fuente del sistema de clasificación o colocación No para préstamo Código de colección Localización permanente Fecha de adquisición Total de préstamos Signatura topográfica completa Código de barras Fecha visto por última vez Número de copia Precio válido a partir de Tipo de ítem Koha
  Disponible Sistema de Clasificación Decimal Dewey   General Biblioteca Central UNIBE 26/11/2025   220.6 P485n 251153 26/11/2025 Ej. 1 26/11/2025 Libro (general)